Zdrávas, Maria

Bibliographic Details
Main Author: Ferrero, Bruno, 1946- (Author)
Other Authors: Martiška, Juraj, 1969- (Illustrator), Lachman, Jan, 1962- (Translator)
Format: Book
Language:Czech
Italian
PhysicalDescription:47 strán ilustrácie, ilustrované listy 16 x 20 cm
Published: V Praze Karmelitánské nakladatelství 2022
ISBN:9788075662880
Edition:Vydání druhé
Subjects:

MARC

LEADER 00000cam a2200000 4500
001 vtls012257117
003 SK-MaSNL
005 20260301231901.0
008 240529s2022 xr af c 000 1 cze
015 |a SNBZSA2025/09 
020 |a 9788075662880  |q (viazané) 
040 |a SNK  |b slo  |c SNK  |e rda 
041 1 |a cze  |h ita 
044 |a xr  |c CZ 
072 7 |a 27-5  |x Liturgia. Kresťanské umenie a symbolika. Duchovný život  |2 konspekt 
072 7 |a 0/9-053.2  |x Literatúra pre deti a mládež (náučná)  |2 konspekt 
080 |a 27-534.35  |2 2011 
080 |a 27-312.47  |2 2011 
080 |a 27-145.55  |2 2011 
080 |a 27-264-29  |2 2011 
080 |a (0:82-97)  |2 2011 
080 |a (0:82-322.2)  |2 2011 
080 |a (0.053.2)  |2 2011 
100 1 |a Ferrero, Bruno,  |d 1946-  |4 aut  |9 176498 
240 1 0 |a Ave, o Maria  |l Česky 
245 1 0 |a Zdrávas, Maria  |c Bruno Ferrero ; ilustroval Juraj Martiška ; z italského originálu Ave, o Maria ... přeložil Jan Lachman 
250 |a Vydání druhé 
264 1 |a V Praze  |b Karmelitánské nakladatelství  |c 2022 
300 |a 47 strán  |b ilustrácie, ilustrované listy  |c 16 x 20 cm 
336 |a text  |b txt  |2 rdacontent 
336 |a statický obraz  |b sti  |2 rdacontent 
337 |a bez média  |b n  |2 rdamedia 
338 |a zväzok  |b nc  |2 rdacarrier 
500 |a Krátke biografické informácie o autorovi na obálke 
500 |a Preložené z taliančiny 
600 0 7 |a Mária,  |c matka Ježišova, svätá  |2 SNKMA  |9 157751 
650 0 7 |a Zdravas Mária (modlitba)  |2 SNKPHA  |9 69183 
650 0 7 |a Ave Maria (prayer)  |2 SNKPHeng  |9 435581 
650 0 7 |a kresťanské modlitby  |2 SNKPH  |9 2006 
650 0 7 |a Christian prayers  |2 SNKPHeng  |9 267714 
650 0 7 |a mariánsky kult  |2 SNKPH  |9 1996 
650 0 7 |a Cult of Virgin Mary  |2 SNKPHeng  |9 276103 
650 0 7 |a zázraky  |2 SNKPH  |9 1961 
650 0 7 |a Miracles  |2 SNKPHeng  |9 311590 
650 0 7 |a kresťanské legendy  |2 SNKPH  |9 81432 
650 0 7 |a Christian legends  |2 SNKPHeng  |9 493496 
655 7 |a modlitby  |2 SNKPH  |9 70550 
655 7 |a náboženské prózy  |2 SNKPH  |9 79486 
655 7 |a publikácie pre deti  |2 SNKPH  |9 70148 
655 7 |a Prayers  |2 SNKPHeng  |9 291214 
655 7 |a Religious prose  |2 SNKPHeng  |9 302490 
655 7 |a Publications for children  |2 SNKPHeng  |9 276792 
700 1 |a Martiška, Juraj,  |d 1969-  |4 ill  |9 120247 
700 1 |a Lachman, Jan,  |d 1962-  |4 trl  |9 97466 
852 |a Slovenská národná knižnica 
919 |a 978-80-7566-288-0 
954 |a duchovná literatúra cudzojazyčná (svetová)  |2 lita 
958 |a ZS 
958 |a NT 
958 |a UP 
958 |a LX 
958 |a DB 
968 |b ITA 
999 |c 959813  |d 961743 
952 |a SNK  |b SNK  |y PREZ  |7 0  |p 17A1575365  |o snkSD 93643  |i snk2025/10489  |8 4  |g 8.65  |0 0  |1 0  |4 0  |d 2024-05-29  |l 0  |r 2026-02-24 10:15:53  |w 2026-02-24